Statistics for Rooster Teeth- All Minecraft Let's Plays

Click here to take the quiz!

General Stats

  • This quiz has been taken 9 times
    (4 since last reset)
  • The average score is 115 of 323

Answer Stats

EpisodeName% Correct
57 | 58King Geoff
100%
65 | 66King Ray
100%
89 | 90Mad King Ryan
100%
2On A Rail!
100%
123On A Rail 2
100%
3Plan G
100%
4Race To Bedrock!
100%
302Sky Factory Finale (Part 41)
100%
253Sky Factory Part 3
100%
289Sky Factory Part 30: Jamboree Prep Day
100%
290Sky Factory Part 31: Fishing Rodeo and Jamboree VI
100%
301Sky Factory Part 40
100%
247Sky Factory Parts 1 & 2
100%
292Sky Factory Parts 32, 33 & 34
100%
296Sky Factory Parts 35-38
100%
262Sky Factory Parts 4-21
100%
19Altar Of Pimps
75%
151Brown Out
75%
24Capture The Tower!
75%
84Capture The Tower X
75%
46Cloud Down
75%
147Cloud Down X
75%
37Clouds
75%
245Clouds X
75%
39 | 40Dig Down
75%
13 | 14Find The Tower
75%
75Galacticraft Part 3
75%
118Galacticraft Part 4
75%
72Galacticraft Parts 1 & 2
75%
323Galacticraft: The Mukbat Shack
75%
81Geoff's House Part 1
75%
83Geoff's House Part 2
75%
85Geoff's House Part 3
75%
101Ice Cube
75%
139Ice Cube X
75%
121 | 122King Gavin
75%
79King Michael
75%
60 | 61King Ryan
75%
12Last Man Standing
75%
63Lava Wall
75%
1Let's Play Minecraft
75%
134Mega Dig Part 1
75%
136Mega Dig Part 2
75%
18Mineball
75%
34Pig Olympics
75%
35 | 36Potions
75%
49 | 50 | 51The End
75%
29The Walls
75%
10 | 11Wipeout
75%
313Wipeout X (Parts 1-2)
75%
59Wolf Spa
75%
33Achievement Raceway
50%
106Bodyguards
50%
8 | 9Build A Tower
50%
62Creeper Census
50%
55Creeper Soccer
50%
221Creeper Soccer X
50%
64Dark Petting Zoo
50%
91Darwin Awards
50%
230Darwin Awards 3
50%
149Darwin Awards X
50%
103Dropping List
50%
47 | 48Enchantment Level 30
50%
44Ender Pearl Race
50%
6 | 7Enter The Nether
50%
28Fishing Rodeo And Jamboree
50%
80Fishing Rodeo And Jamboree II
50%
132Fishing Rodeo And Jamboree III
50%
185Fishing Rodeo And Jamboree IV
50%
238Fishing Rodeo And Jamboree V
50%
87Geoff's Anatomy
50%
99Golden Hoe
50%
22Grifball
50%
102Grounded
50%
56Hit List
50%
184Hit List X (Part 3)
50%
181Hit List X Parts (1 & 2)
50%
77Human Hit List
50%
23Hunger Games
50%
92Iron Golem
50%
54I Spy
50%
138I Spy 2
50%
111Jack's Nightmare
50%
113 | 114Mega Tower
50%
205Mo'Chievements: A Few Bad Apples/Wither Away
50%
208Mo'Chievements: Beaconator
50%
249Mo'Chievements: FUPA/Horsin Around
50%
255Mo'Chievements:I'm Only Human/Double Dragon
50%
203Mo'Chievements Mo' Problems
50%
95Monopoly Part 1
50%
110Monopoly Part 2
50%
120Monopoly Part 3
50%
27Mounted Combat
50%
41 | 42No Petting Zoo
50%
68 | 69 | 70Quest For Horses
50%
52 | 53Shopping List
50%
155Shopping List X
50%
88Snowbound
50%
93Spring Harvest
50%
21Stronghold Hunting Part 1
50%
25Stronghold Hunting Part 2
50%
5The Hunt For Diamonds
50%
20The Labyrinth
50%
74The Pit
50%
119The Pit X
50%
86The Twelve Towers
50%
45Thread The Needle
50%
43Thunderdome
50%
15 | 16 | 17Tower Of Geoff
50%
26Underground Farmers
50%
31 | 32Wool Collecting
50%
192 | 1931.8.8 Adventure
25%
194 | 195 | 1961.8.8 Appreciation
25%
1991.9.0 Update
25%
301.9 Update
25%
211Achievelantis
25%
260Achievement Highlands/Achievement Highlands:Gripping and Ripping
25%
76Actual Petting Zoo
25%
158Againderman Part 1
25%
160Againderman Part 2
25%
215Battle Mode Part 1
25%
226Battle Mode Part 2
25%
125Battleship
25%
137Bingo
25%
183Black Friday
25%
176 | 177Blocking List
25%
229Chinese Mythology
25%
148Chutes And Ladders
25%
189Clean House
25%
172Colosseum Clash
25%
259Dark Monopoly Finale
25%
222Dark Monopoly Part 1
25%
232Dark Monopoly Part 2
25%
242Dark Monopoly Part 3
25%
251Deluxe Apartment In The Sky/The Classy Way In
25%
159Dino Dads
25%
243Ender City
25%
163Ender DrAgain
25%
104 | 105Enter The Negatower
25%
100Episode 100
25%
135Expanded Achievement City
25%
145Feels Fishy
25%
152Flip This House/Finish This House!
25%
188Flower Picking
25%
214Fossil Finders
25%
239Freezeezy Peak
25%
213Frostburn
25%
254Glider Raceway/2 Glide 2 Furious
25%
167Greek Mythology
25%
179Halloween Mash-Up
25%
126 | 127Halloween Spooktacular
25%
107Halo Mash-Up
25%
164 | 165July Update
25%
161Jurassic Dorks/Cretaceous Park
25%
142 | 143Legends Of The Hidden Tower
25%
144Legends Of The Hidden Tower: Temple Run
25%
67Mass Effect Mash-Up
25%
71Maze In Buckingham Palace
25%
171Mogataur
25%
198Mr. J
25%
204Ocarina Of Time
25%
207Ocarina Of Time: Dodongo's Cavern
25%
210Ocarina Of Time: Jabu Jabu's Belly
25%
257Oceancraft
25%
220Off Topic
25%
124On A Rail 2
25%
38Pac-Man
25%
240Pest Control
25%
241Pixelmon Part 5: I'm A Computer!
25%
224Pixelmon Parts 1 & 2
25%
227Pixelmon Parts 3:The King of Karp & 4: The Great Suck-Off
25%
169 | 170Re-Find The Tower
25%
168Revenge
25%
217Ryan's The One In The Hole/Hole Lot Of Renovating/Hole In Three
25%
82Skyrim Mash-Up
25%
231Slender
25%
115 | 116Storm The Tower
25%
178Story Mode
25%
212Super Mario Mash-Up
25%
200Super Sleuths/Golden Gumshoes
25%
96Tallest Tower
25%
244The Glass Tower
25%
112The Great Pig Race
25%
187The Krampus
25%
78The Most Dangerous Game
25%
209The Most Dangerous Game X
25%
197There Is No Learning Curve 2
25%
202There Is No Learning Curve 2: The Curvening
25%
180There Is No Learning Curve (Part 3)
25%
186There Is No Learning Curve (Part 4)
25%
174There Is No Learning Curve (Parts 1 & 2)
25%
233 | 234 | 235The World Is Lava
25%
173Thief Town
25%
97 | 98Title Update 14
25%
108 | 109Title Update 14 Appreciation
25%
130Top Chef Part 1 & 2
25%
133Top Chef Part 3
25%
146Tornado Alley
25%
190 | 191Tower Of Gav
25%
216Triathlon
25%
223Tumble
25%
166Turbo Kart Racers
25%
94UnMonuments Men
25%
236Voyage Of The Dumb Treaders/Journey To The (South)West
25%
140 | 141Wither Hunt
25%
128 | 129Zombie Doctor
25%
307 | 308 | 309Achieveland/Achieveland: Beachside Property/Achieveland: Messin' With Jacksquatch
0%
311 | 312Achieveland: Bone Tax/Achieveland: The Eggsorcism of House Jones
0%
261Achievement Highlands/Achievement Highlands:Gripping and Ripping
0%
291A Very Slippery Christmas
0%
310Chomping List
0%
246Clouds X
0%
319Codename: Hot Dog
0%
150Darwin Awards X
0%
252Deluxe Apartment In The Sky/The Classy Way In
0%
280Dinosaur Island
0%
153 | 154Flip This House/Finish This House!
0%
73Galacticraft Parts 1 & 2
0%
315 | 316Ghastly Betrayal/Ghastly Betrayal: Who Burned Gav's House Down
0%
258Glider Raceway/2 Glide 2 Furious
0%
322Going Floor-Loco In Candy Land
0%
117Halo CTF
0%
182Hit List X Parts (1 & 2)
0%
162Jurassic Dorks/Cretaceous Park
0%
206Mo'Chievements: A Few Bad Apples/Wither Away
0%
250Mo'Chievements: FUPA/Horsin Around
0%
256Mo'Chievements:I'm Only Human/Double Dragon
0%
317Neighbourhood Watch
0%
318New Petting Zoo
0%
225Pixelmon Parts 1 & 2
0%
228Pixelmon Parts 3:The King of Karp & 4: The Great Suck-Off
0%
320 | 321ROYGBaa: The Rainbow Sheep/ROYGBaa: The Water Boatman
0%
218 | 219Ryan's The One In The Hole/Hole Lot Of Renovating/Hole In Three
0%
156 | 157Shopping List X
0%
248Sky Factory Parts 1 & 2
0%
281 | 282 | 283 | +5 othersSky Factory Parts 22-29
0%
293 | 294Sky Factory Parts 32, 33 & 34
0%
297 | 298 | 299Sky Factory Parts 35-38
0%
263 | 264 | 265 | +14 othersSky Factory Parts 4-21
0%
300Sky King Ryan (Sky Factory Part 39)
0%
201Super Sleuths/Golden Gumshoes
0%
295Text-To-Speech
0%
175There Is No Learning Curve (Parts 1 & 2)
0%
131Top Chef Part 1 & 2
0%
237Voyage Of The Dumb Treaders/Journey To The (South)West
0%
314Wipeout X (Parts 1-2)
0%
303 | 304 | 305 | 306Ya Dead, Ya Dead/Ya Dead, Ya Dead:Tree Boys/Ya Dead, Ya Dead: Gavin Two/Ya Dead, Ya Dead:Michael's Epic Journey
0%

Score Distribution

Percentile by Number Answered

Percent of People with Each Score

Your Score History

You have not taken this quiz since the last reset